000 nam a22 a 4500
999 _c117198
_d117198
003 BLK
005 20220914172011.0
008 180409b bul|||||r ||||||| ||bul||
040 _aBLK
041 _aBUL
_cBUL
080 _aАвтоматизация
_b005.591.6
_z005.591.6
100 1 _aВанев, Бенислав Иванов
_eпърви автор
_9315090
139 _aАвтоматизация на производството
245 1 0 _aАвтоматизация на производството
_bИзследване : Ч. 1 -
_cБенислав Иванов Ванев, Кузман Д. Йонов; под общ. ред. на Хинко Миков Хинов.
_nЧ. 1
_pТехнико-икономически и организационни проблеми на автоматизацията
257 _aBGR
260 _aСофия
_bТехника
_c1974
300 _c21 см
380 _a62
650 4 _aАвтоматизация на технологичните процеси
_9270602
653 _aпроизводство
653 _aавтоматизация
700 1 _aЙонов, Кузман Д.
_eсъавт.
_9315091
700 1 _aХинов, Хинко Миков
_eпод общ. ред. на
_9376494
760 1 _aВанев, Бенислав Иванов
_dСофия, 1974
_h172 с. с черт. и табл.
_nБиблиогр. след отд. гл.
_tЧ. 1 Технико-икономически и организационни проблеми на автоматизацията
852 _aЦб 74641
_bЦб
942 _cKNG
_n0
_s1
944 _aCR
_c09.04.2011
_lдобави в АБ / 08.04.2011
_kДиана_Димитрова
944 _aED
_c2022-09-14
_kСТ
999 _d117198